书目信息 |
| 题名: |
信托公司史
|
|
| 作者: | 佩林 著 ;山东省国际信托股份公司 译 | |
| 分册: | ||
| 出版信息: | 北京 中国金融出版社 2019.11 |
|
| 页数: | 173页 | |
| 开本: | 26cm | |
| 丛书名: | 信托金融理论研究丛书 | |
| 单 册: | ||
| 中图分类: | F831.9 | |
| 科图分类: | ||
| 主题词: | 信托公司--xin tuo gong si--经济史--研究 | |
| 电子资源: | ||
| ISBN: | 978-7-5220-0288-0 | |
| 000 | 01279nam 2200289 450 | |
| 001 | CAL 0120192927961 | |
| 005 | 20230217093111.0 | |
| 010 | @a978-7-5220-0288-0@dCNY48.00 | |
| 100 | @a20200305d2019 em y0chiy0120 ea | |
| 101 | 1 | @achi@ceng |
| 102 | @aCN@b110000 | |
| 105 | @aa a 000yy | |
| 106 | @ar | |
| 200 | 1 | @a信托公司史@Axin tuo gong si shi@d= The story of the trust companies@fEdward Ten Broeck Perine@f作者 (美) 爱德华·坦·布洛克·佩林@g译者山东省国际信托股份有限公司@zeng |
| 210 | @a北京@c中国金融出版社@d2019.11 | |
| 215 | @a173页@c图@d26cm | |
| 225 | 2 | @a信托金融理论研究丛书@Axin tuo jin rong li lun yan jiu cong shu |
| 320 | @a有书目 (第167-171页) | |
| 330 | @a本书以时间为线索, 共分为二十个章节和两个附录, 真实记录了一百年信托发展的过程, 对关键历史、法律事件进行了介绍, 同时本书也收录了许多珍贵的图像, 包括由美国信托公司发行并在市面流通的纸币图片等。 | |
| 410 | 0 | @12001 @a信托金融理论研究丛书 |
| 500 | 10 | @aStory of the trust companies@mChinese |
| 606 | 0 | @a信托公司@Axin tuo gong si@x经济史@x研究 |
| 690 | @aF831.9@v5 | |
| 701 | 1 | @a佩林@Apei lin@g(Perine, Edward Ten Broeck)@4著 |
| 712 | 02 | @a山东省国际信托股份公司@Ashan dong sheng guo ji xin tuo gu fen gong si@4译 |
| 801 | 0 | @aCN@bBJXHZP@c20230228 |
| 905 | @b1395598-601@dF831.9@e76@f4 | |
| 信托公司史= The story of the trust companies/Edward Ten Broeck Perine/作者 (美) 爱德华·坦·布洛克·佩林/译者山东省国际信托股份有限公司.-北京:中国金融出版社,2019.11 |
| 173页:图;26cm.-(信托金融理论研究丛书) |
| ISBN 978-7-5220-0288-0:CNY48.00 |
| 本书以时间为线索, 共分为二十个章节和两个附录, 真实记录了一百年信托发展的过程, 对关键历史、法律事件进行了介绍, 同时本书也收录了许多珍贵的图像, 包括由美国信托公司发行并在市面流通的纸币图片等。 |
| ● |
| 相关链接 |
|
|
|
|
正题名:信托公司史
索取号:F831.9/76
 
预约/预借
| 序号 | 登录号 | 条形码 | 馆藏地/架位号 | 状态 | 备注 |
| 1 | 1395598 | 213955987 | 第一样本阅览室/ [索取号:F831.9/76] | 在馆 | |
| 2 | 1395599 | 213955996 | 第一借阅区/ [索取号:F831.9/76] | 在馆 | |
| 3 | 1395600 | 213956003 | 第一借阅区/ [索取号:F831.9/76] | 在馆 | |
| 4 | 1395601 | 213956012 | 第一借阅区/ [索取号:F831.9/76] | 在馆 |